000 00701nam a22002417a 4500
001 BR7304693
003 BR-BrBNA
005 20230928084044.0
007 ta
008 230509b bl.||||| |||| 00| 0 por d
040 _aBR-BrBNA
_bpor
_cBiblioteca Nacional de Agricultura
041 _a(Por)
072 _aF00; H10; H20
_b0230
090 _ 0230 BR7304693
110 1 _aQuimica Industrial Brasileira S.A., Santo Andre, SP. Depto. Tecnico Agricola
_98119
245 1 _aA cana de acucar do plantio a colheita
260 3 _aSanto Andre, SP (Brasil):
_c[nd].
300 _a17 p.
650 _aCANA DE ACUCAR
650 _aPRATICA CULTURAL
909 _a202309
_bLucia
_c55
_dLucia Elande
942 _cBK
999 _c16577
_d16577